| 000 | 00951nam a22002417a 4500 | ||
|---|---|---|---|
| 003 | BPGM | ||
| 008 | 260618e1998 mx ||||g |||| 001 0 spa d | ||
| 040 | _bspa | ||
| 041 |
_aspa _hspa |
||
| 082 | 0 | 4 |
_2922.272 _aA77 |
| 100 |
_aO.P. ARROYO, ESTEBAN _eAUTOR |
||
| 245 | _aEPISCOPOLOGIO DOMINICANO DE MEXICO | ||
| 250 |
_aPRIMERA EDICION _b1998 |
||
| 260 |
_aMEXICO _bGOBIERNO DEL ESTADO DE QUERETARO _c1998 |
||
| 300 |
_a282 paginas _c23 cm x 16.2 cm |
||
| 336 |
_2rdacontent _atexto _btxt |
||
| 337 |
_2rdamedia _asin mediación _bn |
||
| 338 |
_2rdacarrier _avolumen _bnc |
||
| 505 | _aes una obra histórica que documenta la vida y obra de los obispos dominicos en México, así como la influencia de la Orden de Predicadores en la evangelización, la organización eclesiástica y la vida social desde el siglo XVI hasta el siglo XIX. | ||
| 650 | _2GEOGRAFÍA E HISTORIA | ||
| 650 | _2BIOGRAFÍA, GENEALOGÍA, INSIGNIAS | ||
| 942 |
_2ddc _cCOLQ |
||
| 999 |
_c68627 _d68627 |
||